[Event "16. Torneo Aficionados Benidorm s-2300"]
[Site "Benidorm ESP"]
[Date "2017.12.06"]
[Round "7.11"]
[White "Moreno Ibañez, Miguel"]
[Black "Arata, Roberto Mario"]
[Result "1-0"]
[WhiteElo "2272"]
[BlackElo "2169"]
[PlyCount "49"]
[EventDate "2017.12.01"]
[EventType "swiss"]
[EventRounds "10"]
[EventCountry "ESP"]
[SourceTitle "Ajedrez en Madrid"]
[Source "lmi"]
[SourceDate "2017.12.01"]
[SourceVersion "1"]
[SourceVersionDate "2018.01.25"]
[SourceQuality "1"]

1. e4 c6 2. Nf3 d5 3. Nc3 dxe4 4. Nxe4 Nf6 5. Qe2 Nxe4 6. Qxe4 Nd7 7. Bc4 Nf6
8. Ne5 e6 9. Qe2 Be7 10. c3 O-O 11. d4 c5 12. dxc5 Bxc5 13. Bg5 Qc7 14. Bxf6
gxf6 15. Ng4 f5 16. Nf6+ Kg7 17. Nh5+ Kh8 18. O-O-O b5 19. Bxb5 Rb8 20. Rd2 e5
21. Rhd1 Be6 22. Rd7 Bxd7 23. Rxd7 Qb6 24. Qxe5+ f6 25. Qxf5 1-0

[Event "16. Torneo Aficionados Benidorm s-2300"]
[Site "Benidorm ESP"]
[Date "2017.12.07"]
[Round "8.1"]
[White "Yuksel, Atilla Koksal"]
[Black "Lornye, Pylyp"]
[Result "1/2-1/2"]
[WhiteElo "2184"]
[BlackElo "2264"]
[PlyCount "70"]
[EventDate "2017.12.01"]
[EventType "swiss"]
[EventRounds "10"]
[EventCountry "ESP"]
[SourceTitle "Ajedrez en Madrid"]
[Source "lmi"]
[SourceDate "2017.12.01"]
[SourceVersion "1"]
[SourceVersionDate "2018.01.25"]
[SourceQuality "1"]

1. e4 d6 2. d4 Nf6 3. Nc3 g6 4. Be3 Bg7 5. f3 c6 6. Qd2 b5 7. g4 Nbd7 8. h4 O-O
9. h5 e5 10. dxe5 Nxe5 11. O-O-O b4 12. Nb1 a5 13. Qxd6 Qxd6 14. Rxd6 Be6 15.
h6 Bh8 16. a4 b3 17. c3 Bc4 18. Nh3 Bxf1 19. Rxf1 Nc4 20. Rd3 Rfd8 21. Rxd8+
Rxd8 22. Bg5 Rd6 23. Nd2 Nxd2 24. Bxd2 Nd7 25. Bf4 Be5 26. Be3 Rd3 27. Ba7 Bd6
28. Nf2 Bf4+ 29. Kb1 Rd2 30. Rd1 Rxd1+ 31. Nxd1 Bxh6 32. Nf2 Ne5 33. Bb6 Nxf3
34. Bxa5 Nd2+ 35. Ka1 Be3 1/2-1/2

[Event "16. Torneo Aficionados Benidorm s-2300"]
[Site "Benidorm ESP"]
[Date "2017.12.07"]
[Round "8.2"]
[White "Iglesias, Jorge"]
[Black "Fernandez Barrera, Victor"]
[Result "1-0"]
[WhiteElo "2291"]
[BlackElo "2300"]
[PlyCount "63"]
[EventDate "2017.12.01"]
[EventType "swiss"]
[EventRounds "10"]
[EventCountry "ESP"]
[SourceTitle "Ajedrez en Madrid"]
[Source "lmi"]
[SourceDate "2017.12.01"]
[SourceVersion "1"]
[SourceVersionDate "2018.01.25"]
[SourceQuality "1"]

1. c4 e5 2. Nc3 Nf6 3. g3 d5 4. cxd5 Nxd5 5. Bg2 Nb6 6. Nf3 Nc6 7. O-O Be7 8.
d3 Be6 9. Be3 Nd5 10. Nxd5 Bxd5 11. Qa4 O-O 12. Rac1 f6 13. Rfd1 Kh8 14. Bc5
Bxc5 15. Rxc5 Ne7 16. e4 Bc6 17. Qc2 Qe8 18. d4 exd4 19. Nxd4 Qf7 20. b4 a6 21.
a4 Rfd8 22. b5 Be8 23. Rxc7 Rd7 24. Rxd7 Bxd7 25. Qc7 Qe8 26. Nf5 Nxf5 27. exf5
Bxf5 28. bxa6 Rc8 29. Qa5 Bg4 30. Re1 Qh5 31. axb7 Qxa5 32. bxc8=Q+ 1-0

[Event "16. Torneo Aficionados Benidorm s-2300"]
[Site "Benidorm ESP"]
[Date "2017.12.07"]
[Round "8.3"]
[White "Gajic, Mladen"]
[Black "Stanca, Adrian"]
[Result "1/2-1/2"]
[WhiteElo "2300"]
[BlackElo "2226"]
[PlyCount "71"]
[EventDate "2017.12.01"]
[EventType "swiss"]
[EventRounds "10"]
[EventCountry "ESP"]
[SourceTitle "Ajedrez en Madrid"]
[Source "lmi"]
[SourceDate "2017.12.01"]
[SourceVersion "1"]
[SourceVersionDate "2018.01.25"]
[SourceQuality "1"]

1. d4 g6 2. e4 c6 3. Nf3 Bg7 4. Bd3 d5 5. e5 Na6 6. c3 Nc7 7. O-O Bd7 8. h3 Qc8
9. Bf4 Bf5 10. Be2 h6 11. Bh2 h5 12. Na3 Nh6 13. Nc2 Bd7 14. Ne3 Nf5 15. Nxf5
Bxf5 16. Nh4 Be6 17. f4 Qd7 18. a4 O-O-O 19. b4 Bh6 20. Bd3 Rdg8 21. Kh1 Bxf4
22. Bxf4 g5 23. Bh2 gxh4 24. Rf4 Rg7 25. Qf3 Rhg8 26. Rxh4 Rxg2 27. Rxh5 R2g5
28. Rg1 Rxg1+ 29. Bxg1 Qe8 30. Be3 Bd7 31. Kh2 Ne6 32. Rh7 Nf8 33. Rxf7 Be6 34.
Rf4 Ng6 35. Bxg6 Qxg6 36. Rf8+ 1/2-1/2

[Event "16. Torneo Aficionados Benidorm s-2300"]
[Site "Benidorm ESP"]
[Date "2017.12.07"]
[Round "8.4"]
[White "Olhovik, Andrei"]
[Black "Picazo Lopez, Juan Antonio"]
[Result "1-0"]
[WhiteElo "2299"]
[BlackElo "2204"]
[PlyCount "89"]
[EventDate "2017.12.01"]
[EventType "swiss"]
[EventRounds "10"]
[EventCountry "ESP"]
[SourceTitle "Ajedrez en Madrid"]
[Source "lmi"]
[SourceDate "2017.12.01"]
[SourceVersion "1"]
[SourceVersionDate "2018.01.25"]
[SourceQuality "1"]

1. d4 d5 2. Bf4 c5 3. e3 Nc6 4. c3 e6 5. Nd2 Bd6 6. Bg3 Nf6 7. Ngf3 O-O 8. Bb5
cxd4 9. exd4 Ne4 10. Nxe4 dxe4 11. Bxd6 Qxd6 12. Nd2 Qd5 13. Bc4 Qg5 14. O-O e5
15. Nxe4 Qf4 16. Re1 exd4 17. cxd4 Rd8 18. d5 Ne5 19. Qd2 Qg4 20. Qc3 Qf4 21.
Bb3 Bf5 22. Qg3 Ng6 23. Nc3 Qb4 24. Rad1 Rd6 25. Nb5 Rb6 26. Nd4 Bd7 27. h4 a5
28. h5 Nf8 29. a4 Rf6 30. Re4 Qb6 31. Rf4 Re8 32. Ne6 Rfxe6 33. dxe6 Bxe6 34.
h6 Ng6 35. Bxe6 Qxe6 36. Rfd4 Qf6 37. hxg7 h5 38. b3 Kxg7 39. Rd6 Qf5 40. R6d5
Qc2 41. Qd3 Qc6 42. Rxh5 Re4 43. Qh3 Rf4 44. Rh7+ Kf6 45. Qd7 1-0

[Event "16. Torneo Aficionados Benidorm s-2300"]
[Site "Benidorm ESP"]
[Date "2017.12.07"]
[Round "8.5"]
[White "Ayats Llobera, Gerard"]
[Black "Longa Yauca, Javier"]
[Result "1-0"]
[WhiteElo "2285"]
[BlackElo "2220"]
[PlyCount "55"]
[EventDate "2017.12.01"]
[EventType "swiss"]
[EventRounds "10"]
[EventCountry "ESP"]
[SourceTitle "Ajedrez en Madrid"]
[Source "lmi"]
[SourceDate "2017.12.01"]
[SourceVersion "1"]
[SourceVersionDate "2018.01.25"]
[SourceQuality "1"]

1. b3 e5 2. Bb2 Nc6 3. e3 d6 4. Nf3 Nf6 5. d4 e4 6. Nfd2 d5 7. c4 Bg4 8. Qc1
Nb4 9. cxd5 Qxd5 10. Nc3 Qe6 11. a3 Nd3+ 12. Bxd3 exd3 13. e4 O-O-O 14. f3 Rxd4
15. Nb5 Rd7 16. Bxf6 Qxf6 17. fxg4 a6 18. Nc3 Bc5 19. Nf3 d2+ 20. Nxd2 Qf2+ 21.
Kd1 Rhd8 22. Nd5 c6 23. Rf1 Qd4 24. b4 cxd5 25. e5 Rc7 26. bxc5 Rxc5 27. Qxc5+
Qxc5 28. Rc1 1-0

[Event "16. Torneo Aficionados Benidorm s-2300"]
[Site "Benidorm ESP"]
[Date "2017.12.07"]
[Round "8.6"]
[White "Serna Lara, Sergio"]
[Black "Moreno Ibañez, Miguel"]
[Result "1/2-1/2"]
[WhiteElo "2224"]
[BlackElo "2272"]
[PlyCount "41"]
[EventDate "2017.12.01"]
[EventType "swiss"]
[EventRounds "10"]
[EventCountry "ESP"]
[SourceTitle "Ajedrez en Madrid"]
[Source "lmi"]
[SourceDate "2017.12.01"]
[SourceVersion "1"]
[SourceVersionDate "2018.01.25"]
[SourceQuality "1"]

1. d4 f5 2. g3 Nf6 3. Bg2 g6 4. b3 Bg7 5. Bb2 O-O 6. Nf3 d6 7. O-O Ne4 8. Nfd2
Nxd2 9. Nxd2 c5 10. Nc4 d5 11. Ne5 Nc6 12. e3 Bxe5 13. dxe5 Be6 14. Qd2 Qd7 15.
Rfd1 Rad8 16. Qe2 Qc7 17. f4 Rd7 18. Rd2 Rfd8 19. Rad1 Qb6 20. Qf2 a5 21. c4
1/2-1/2

[Event "16. Torneo Aficionados Benidorm s-2300"]
[Site "Benidorm ESP"]
[Date "2017.12.07"]
[Round "8.7"]
[White "Bas Mas, Miguel"]
[Black "Gromovs, Sergejs"]
[Result "0-1"]
[WhiteElo "2210"]
[BlackElo "2257"]
[PlyCount "120"]
[EventDate "2017.12.01"]
[EventType "swiss"]
[EventRounds "10"]
[EventCountry "ESP"]
[SourceTitle "Ajedrez en Madrid"]
[Source "lmi"]
[SourceDate "2017.12.01"]
[SourceVersion "1"]
[SourceVersionDate "2018.01.25"]
[SourceQuality "1"]

1. e4 c5 2. Nc3 Nc6 3. Bb5 g6 4. Bxc6 dxc6 5. f4 Nf6 6. Nf3 Bg7 7. O-O O-O 8.
d3 b6 9. Qe1 Ne8 10. Bd2 Nc7 11. Qh4 e6 12. Qxd8 Rxd8 13. e5 Nd5 14. Ne4 f5 15.
Nf2 h6 16. c4 Nb4 17. Bxb4 cxb4 18. d4 a5 19. Rfd1 Bf8 20. Rd2 Ba6 21. b3 Bb7
22. Rad1 Rd7 23. Ne1 Rad8 24. Nc2 c5 25. Kf1 Bc6 26. Ke2 b5 27. cxb5 Bxb5+ 28.
Ke1 c4 29. bxc4 Bxc4 30. Ne3 Bb5 31. d5 Bc5 32. dxe6 Rxd2 33. Rxd2 Rxd2 34.
Kxd2 a4 35. Nfd1 Kf8 36. Kc2 Ba6 37. Kb2 Bc8 38. Nc2 Bxe6 39. a3 b3 40. Nb4
Bd4+ 41. Nc3 Bd7 42. e6 Bxe6 43. Nc6 Bf6 44. Ne5 Bxe5 45. fxe5 Bd7 46. Nd1 f4
47. Kc3 Bc6 48. Nb2 Ke7 49. Nd3 g5 50. Nc5 Kf7 51. h4 Ke7 52. h5 g4 53. Nd3 f3
54. gxf3 Bxf3 55. Kd2 g3 56. Ke3 g2 57. Kf2 Be4 58. Nb2 Bc6 59. Nc4 Ke6 60. Kg1
Kd5 0-1

[Event "16. Torneo Aficionados Benidorm s-2300"]
[Site "Benidorm ESP"]
[Date "2017.12.07"]
[Round "8.8"]
[White "Cubas Pons, Juan Miguel"]
[Black "Rodriguez Alvarez, Vidal"]
[Result "0-1"]
[WhiteElo "2187"]
[BlackElo "2256"]
[PlyCount "122"]
[EventDate "2017.12.01"]
[EventType "swiss"]
[EventRounds "10"]
[EventCountry "ESP"]
[SourceTitle "Ajedrez en Madrid"]
[Source "lmi"]
[SourceDate "2017.12.01"]
[SourceVersion "1"]
[SourceVersionDate "2018.01.25"]
[SourceQuality "1"]

1. d4 e6 2. c4 Nf6 3. Nc3 Bb4 4. g3 O-O 5. Bg2 d5 6. a3 Be7 7. cxd5 exd5 8. Nh3
c6 9. O-O a5 10. f3 c5 11. Nf4 Nc6 12. Be3 b6 13. Bf2 Ba6 14. dxc5 d4 15. Na4
bxc5 16. Qc2 Nd7 17. Bh3 Nce5 18. Bf5 g6 19. Be4 Rc8 20. Nd5 Nf6 21. Nxf6+ Bxf6
22. Nxc5 Rxc5 23. Qxc5 Bxe2 24. Kg2 d3 25. Be3 Qd7 26. Bh6 Rc8 27. Qxa5 Nc4 28.
Qa6 Bxb2 29. Rfd1 d2 30. Rxd2 Nxd2 31. Qxe2 Bxa1 32. Qxd2 Qxd2+ 33. Bxd2 Bc3
34. Be3 Ba5 35. Bf4 Rc3 36. Bd6 Rb3 37. Be7 Rb2+ 38. Kh3 Bb6 39. Bd6 h5 40. g4
hxg4+ 41. fxg4 Rb3+ 42. Kg2 Kg7 43. h4 Bd8 44. h5 gxh5 45. gxh5 Re3 46. Bf3 Be7
47. Bxe7 Rxe7 48. a4 Re3 49. Kf2 Ra3 50. Bd1 Kh6 51. Ke1 Kg5 52. Kd2 f5 53. Kc1
Ra1+ 54. Kd2 f4 55. Bf3 Rxa4 56. Ke2 Ra2+ 57. Kf1 Kh4 58. h6 Kg3 59. h7 Rh2 60.
Be4 f3 61. Kg1 Rh4 0-1

[Event "16. Torneo Aficionados Benidorm s-2300"]
[Site "Benidorm ESP"]
[Date "2017.12.07"]
[Round "8.9"]
[White "Nieves Cabanes, Javier"]
[Black "Saber, Yasser"]
[Result "1/2-1/2"]
[WhiteElo "2184"]
[BlackElo "2248"]
[PlyCount "119"]
[EventDate "2017.12.01"]
[EventType "swiss"]
[EventRounds "10"]
[EventCountry "ESP"]
[SourceTitle "Ajedrez en Madrid"]
[Source "lmi"]
[SourceDate "2017.12.01"]
[SourceVersion "1"]
[SourceVersionDate "2018.01.25"]
[SourceQuality "1"]

1. d4 d6 2. e4 Nf6 3. Nc3 g6 4. Bg5 Bg7 5. e5 Nfd7 6. exd6 cxd6 7. Qd2 Nc6 8.
O-O-O Qa5 9. Nf3 h6 10. Be3 Nb6 11. d5 Bxc3 12. Qxc3 Qxc3 13. bxc3 Na5 14. Rd4
Bd7 15. c4 Rc8 16. Nd2 Rc7 17. Bd3 Na4 18. Re1 Kf8 19. Rh4 h5 20. Nf3 Nc5 21.
Bd4 Rg8 22. Ng5 f6 23. Rf4 Bf5 24. Ne6+ Nxe6 25. dxe6 Bxd3 26. cxd3 g5 27. Rf3
b5 28. Bc3 Nb7 29. Kd2 bxc4 30. d4 Kg7 31. Rf5 Kg6 32. Rb5 a6 33. Rb6 Ra8 34.
h3 d5 35. Bb4 a5 36. Ba3 c3+ 37. Kc2 a4 38. Reb1 Na5 39. Bc5 Nc4 40. Rb8 Ra6
41. Re1 Kf5 42. Rd8 Nb6 43. Kxc3 a3 44. Kb4 Na4 45. Rxd5+ Kg6 46. Rd7 Rc8 47.
Rxe7 Rb8+ 48. Kc4 Nb2+ 49. Kd5 Nd3 50. Re3 Nf4+ 51. Ke4 Nxe6 52. Bxa3 f5+ 53.
Ke5 Rb5+ 54. d5 Nf4 55. Rd7 Raa5 56. Rd6+ Kf7 57. Rd7+ Kg6 58. Rd6+ Kf7 59.
Rd7+ Kg6 60. Rd6+ 1/2-1/2

[Event "16. Torneo Aficionados Benidorm s-2300"]
[Site "Benidorm ESP"]
[Date "2017.12.07"]
[Round "8.10"]
[White "Segarra Martinez, Axel"]
[Black "Hristodorescu, Daniel"]
[Result "1-0"]
[WhiteElo "2176"]
[BlackElo "2237"]
[PlyCount "55"]
[EventDate "2017.12.01"]
[EventType "swiss"]
[EventRounds "10"]
[EventCountry "ESP"]
[SourceTitle "Ajedrez en Madrid"]
[Source "lmi"]
[SourceDate "2017.12.01"]
[SourceVersion "1"]
[SourceVersionDate "2018.01.25"]
[SourceQuality "1"]

1. e4 e5 2. Nf3 Nc6 3. Bc4 Bc5 4. c3 Qe7 5. b4 Bb6 6. a4 a5 7. b5 Nb8 8. d4 d6
9. h3 Nf6 10. O-O O-O 11. Re1 Be6 12. Nbd2 Bxc4 13. Nxc4 Qe6 14. Qd3 Nbd7 15.
Ba3 Rfe8 16. Rad1 Nh5 17. Bc1 h6 18. Nh4 exd4 19. cxd4 d5 20. Nxb6 Nxb6 21. e5
g5 22. Nf5 Nxa4 23. h4 Nc3 24. Nxh6+ Qxh6 25. Qxc3 Qb6 26. Bxg5 Qxb5 27. Qf3
Ng7 28. Bf6 1-0

[Event "16. Torneo Aficionados Benidorm s-2300"]
[Site "Benidorm ESP"]
[Date "2017.12.07"]
[Round "8.11"]
[White "Cantero Navarro, Antonio"]
[Black "Saenz Narciso, Miguel Angel"]
[Result "1-0"]
[WhiteElo "2167"]
[BlackElo "2228"]
[PlyCount "77"]
[EventDate "2017.12.01"]
[EventType "swiss"]
[EventRounds "10"]
[EventCountry "ESP"]
[SourceTitle "Ajedrez en Madrid"]
[Source "lmi"]
[SourceDate "2017.12.01"]
[SourceVersion "1"]
[SourceVersionDate "2018.01.25"]
[SourceQuality "1"]

1. e4 c5 2. Nf3 Nc6 3. d4 cxd4 4. Nxd4 g6 5. c4 Nf6 6. Nc3 Nxd4 7. Qxd4 d6 8.
Be2 Bg7 9. Be3 O-O 10. Qd2 a5 11. Rd1 a4 12. O-O Be6 13. f4 Bg4 14. e5 dxe5 15.
fxe5 Qxd2 16. Rxd2 Bxe2 17. exf6 Bxf1 18. fxg7 Kxg7 19. Kxf1 Rfc8 20. c5 a3 21.
b4 e5 22. Rd6 Rc6 23. Rd7 b6 24. b5 Rf6+ 25. Ke2 bxc5 26. Nd5 Rb8 27. Nxf6 Kxf6
28. Rd6+ Ke7 29. Bxc5 Rxb5 30. Bxa3 Ke8 31. Ra6 f5 32. Bc1 Kd7 33. g3 g5 34.
Bxg5 f4 35. gxf4 Rb2+ 36. Ke3 Rxh2 37. fxe5 h5 38. e6+ Kc8 39. Ra8+ 1-0

[Event "16. Torneo Aficionados Benidorm s-2300"]
[Site "Benidorm ESP"]
[Date "2017.12.08"]
[Round "9.1"]
[White "Lornye, Pylyp"]
[Black "Olhovik, Andrei"]
[Result "1/2-1/2"]
[WhiteElo "2264"]
[BlackElo "2299"]
[PlyCount "20"]
[EventDate "2017.12.01"]
[EventType "swiss"]
[EventRounds "10"]
[EventCountry "ESP"]
[SourceTitle "Ajedrez en Madrid"]
[Source "lmi"]
[SourceDate "2017.12.01"]
[SourceVersion "1"]
[SourceVersionDate "2018.01.25"]
[SourceQuality "1"]

1. Nf3 Nf6 2. g3 b6 3. Bg2 Bb7 4. O-O e6 5. d3 d5 6. Nfd2 c5 7. Nc3 Nc6 8. e4
Be7 9. f4 dxe4 10. Ndxe4 O-O 1/2-1/2

[Event "16. Torneo Aficionados Benidorm s-2300"]
[Site "Benidorm ESP"]
[Date "2017.12.08"]
[Round "9.2"]
[White "Gajic, Mladen"]
[Black "Iglesias, Jorge"]
[Result "1-0"]
[WhiteElo "2300"]
[BlackElo "2291"]
[PlyCount "79"]
[EventDate "2017.12.01"]
[EventType "swiss"]
[EventRounds "10"]
[EventCountry "ESP"]
[SourceTitle "Ajedrez en Madrid"]
[Source "lmi"]
[SourceDate "2017.12.01"]
[SourceVersion "1"]
[SourceVersionDate "2018.01.25"]
[SourceQuality "1"]

1. d4 d5 2. Nf3 Nf6 3. e3 g6 4. Nbd2 Bg7 5. Be2 O-O 6. b4 c6 7. a4 Bf5 8. c4
Ne4 9. Bb2 dxc4 10. Bxc4 Nd7 11. g4 Nxd2 12. Nxd2 Nb6 13. Bb3 Bd3 14. Ra3 Ba6
15. Qf3 e6 16. h4 Nd5 17. Bxd5 exd5 18. Rc3 Re8 19. h5 Qd6 20. hxg6 Qxg6 21.
Kd1 Bd3 22. Qh3 a5 23. bxa5 Rxa5 24. f4 Be2+ 25. Kxe2 Bxd4 26. Rb3 Rxa4 27. f5
Qg7 28. Bxd4 Rxd4 29. g5 b5 30. Rc3 Rb4 31. Rxc6 Rb2 32. Kd3 Ra2 33. Rc3 b4 34.
Rb3 Rc8 35. Ke2 Rcc2 36. Rd3 b3 37. Rxd5 Rxd2+ 38. Rxd2 Rxd2+ 39. Kxd2 Qb2+ 40.
Kd3 1-0

[Event "16. Torneo Aficionados Benidorm s-2300"]
[Site "Benidorm ESP"]
[Date "2017.12.08"]
[Round "9.3"]
[White "Gromovs, Sergejs"]
[Black "Yuksel, Atilla Koksal"]
[Result "0-1"]
[WhiteElo "2257"]
[BlackElo "2184"]
[PlyCount "102"]
[EventDate "2017.12.01"]
[EventType "swiss"]
[EventRounds "10"]
[EventCountry "ESP"]
[SourceTitle "Ajedrez en Madrid"]
[Source "lmi"]
[SourceDate "2017.12.01"]
[SourceVersion "1"]
[SourceVersionDate "2018.01.25"]
[SourceQuality "1"]

1. d4 e6 2. c4 b6 3. Nf3 Bb7 4. a3 f5 5. Nc3 Nf6 6. g3 g6 7. Bg2 Bg7 8. O-O O-O
9. b4 d6 10. Bb2 Nbd7 11. Re1 Ne4 12. Rc1 Ndf6 13. e3 Nxc3 14. Bxc3 Ne4 15. Ba1
a5 16. b5 Rb8 17. Re2 Qe7 18. Rec2 Rbd8 19. Qe2 Ba8 20. a4 Rfe8 21. Ne1 e5 22.
f3 Ng5 23. dxe5 dxe5 24. c5 Bd5 25. e4 fxe4 26. fxe4 Be6 27. h4 Nf7 28. cxb6
cxb6 29. Rc6 Bh6 30. Rd1 Qa3 31. Nf3 Qe3+ 32. Kf1 Rxd1+ 33. Qxd1 Bb3 34. Qb1
Rd8 35. Rc3 Rd1+ 36. Qxd1 Bxd1 37. Rxe3 Bxe3 38. Nxe5 Nxe5 39. Bxe5 Bxa4 40.
Ke2 Bc5 41. g4 Bxb5+ 42. Kd2 Bc4 43. Bc3 a4 44. e5 b5 45. h5 b4 46. Ba1 a3 47.
Be4 Kf7 48. g5 b3 49. Bc3 a2 50. Bb2 Bb4+ 51. Ke3 Ba3 0-1

[Event "16. Torneo Aficionados Benidorm s-2300"]
[Site "Benidorm ESP"]
[Date "2017.12.08"]
[Round "9.4"]
[White "Stanca, Adrian"]
[Black "Ayats Llobera, Gerard"]
[Result "0-1"]
[WhiteElo "2226"]
[BlackElo "2285"]
[PlyCount "82"]
[EventDate "2017.12.01"]
[EventType "swiss"]
[EventRounds "10"]
[EventCountry "ESP"]
[SourceTitle "Ajedrez en Madrid"]
[Source "lmi"]
[SourceDate "2017.12.01"]
[SourceVersion "1"]
[SourceVersionDate "2018.01.25"]
[SourceQuality "1"]

1. g3 e5 2. Bg2 Nc6 3. d3 d5 4. Nd2 Be6 5. e4 Nge7 6. Ne2 Qd7 7. O-O Ng6 8. Nc3
d4 9. Ne2 h5 10. f4 exf4 11. gxf4 Bh3 12. f5 Bxg2 13. Kxg2 Nge5 14. Nf4 g6 15.
Nd5 O-O-O 16. Kh1 Bd6 17. Nc4 Nxc4 18. dxc4 gxf5 19. exf5 Be5 20. Bg5 Rdf8 21.
Bf6 Bxf6 22. Nxf6 Qe7 23. Nd5 Qc5 24. b3 f6 25. Qd2 Rhg8 26. Rad1 b5 27. Qf4
Rf7 28. Qe4 Kb8 29. cxb5 Qxb5 30. c4 Qb7 31. Rg1 Rd8 32. Rg2 a6 33. Qe6 Ne5 34.
Rxd4 Rd6 35. Qe8+ Ka7 36. Re4 Rxd5 37. cxd5 Qxd5 38. Qa4 Qd1+ 39. Rg1 Qf3+ 40.
Rg2 Rd7 41. Qb4 Nd3 0-1

[Event "16. Torneo Aficionados Benidorm s-2300"]
[Site "Benidorm ESP"]
[Date "2017.12.08"]
[Round "9.5"]
[White "Rodriguez Alvarez, Vidal"]
[Black "Cantero Navarro, Antonio"]
[Result "1/2-1/2"]
[WhiteElo "2256"]
[BlackElo "2167"]
[PlyCount "47"]
[EventDate "2017.12.01"]
[EventType "swiss"]
[EventRounds "10"]
[EventCountry "ESP"]
[SourceTitle "Ajedrez en Madrid"]
[Source "lmi"]
[SourceDate "2017.12.01"]
[SourceVersion "1"]
[SourceVersionDate "2018.01.25"]
[SourceQuality "1"]

1. Nf3 d5 2. c4 c6 3. e3 Nf6 4. Nc3 e6 5. b3 Nbd7 6. Qc2 Bd6 7. Bb2 O-O 8. Be2
Re8 9. Rg1 e5 10. g4 dxc4 11. bxc4 e4 12. Nd4 Nc5 13. g5 Nfd7 14. f4 Nd3+ 15.
Bxd3 exd3 16. Qxd3 Nc5 17. Qc2 Bxf4 18. Nce2 Be5 19. O-O-O a5 20. h4 Na6 21. a3
Nc5 22. Kb1 Qb6 23. Ka2 a4 24. Rb1 1/2-1/2

[Event "16. Torneo Aficionados Benidorm s-2300"]
[Site "Benidorm ESP"]
[Date "2017.12.08"]
[Round "9.6"]
[White "Fernandez Barrera, Victor"]
[Black "Segarra Martinez, Axel"]
[Result "1-0"]
[WhiteElo "2300"]
[BlackElo "2176"]
[PlyCount "95"]
[EventDate "2017.12.01"]
[EventType "swiss"]
[EventRounds "10"]
[EventCountry "ESP"]
[SourceTitle "Ajedrez en Madrid"]
[Source "lmi"]
[SourceDate "2017.12.01"]
[SourceVersion "1"]
[SourceVersionDate "2018.01.25"]
[SourceQuality "1"]

1. c4 e5 2. Nc3 Nf6 3. g3 d5 4. cxd5 Nxd5 5. Bg2 Ne7 6. Nf3 Nbc6 7. d3 g6 8.
Bg5 Bg7 9. Ne4 f5 10. Nc3 Be6 11. O-O h6 12. Be3 O-O 13. Rc1 Qd7 14. Bc5 Rad8
15. Qa4 b6 16. Ba3 a6 17. Bxe7 Nxe7 18. Qxa6 Ra8 19. Qb5 Qxb5 20. Nxb5 Rxa2 21.
Rxc7 Nd5 22. Rc2 Ra5 23. Nd6 Nb4 24. Rc7 e4 25. dxe4 fxe4 26. Nxe4 Bxb2 27. Rb7
Nd5 28. Nd6 Ra6 29. e4 Nc3 30. Nd4 Ba2 31. Nc6 Ne2+ 32. Kh1 Rf6 33. e5 Bxe5 34.
Ne8 Re6 35. Nc7 Bxc7 36. Rxc7 Ra4 37. Rd1 Nd4 38. Nxd4 Rd6 39. Re1 Bf7 40. Nf3
Ra5 41. h4 Rf6 42. Kg1 Ra2 43. Rd1 b5 44. Rd8+ Kg7 45. Rdd7 Kg8 46. Ne5 Rfxf2
47. Rxf7 Rxg2+ 48. Kf1 1-0

[Event "16. Torneo Aficionados Benidorm s-2300"]
[Site "Benidorm ESP"]
[Date "2017.12.08"]
[Round "9.7"]
[White "Garcia Blanco, Omar"]
[Black "Olcum, Ahmet"]
[Result "0-1"]
[WhiteElo "2274"]
[BlackElo "2231"]
[PlyCount "150"]
[EventDate "2017.12.01"]
[EventType "swiss"]
[EventRounds "10"]
[EventCountry "ESP"]
[SourceTitle "Ajedrez en Madrid"]
[Source "lmi"]
[SourceDate "2017.12.01"]
[SourceVersion "1"]
[SourceVersionDate "2018.01.25"]
[SourceQuality "1"]

1. e4 d6 2. d4 Nf6 3. Bd3 e5 4. c3 d5 5. dxe5 Nxe4 6. Nf3 Nc6 7. Nbd2 Bg4 8.
Nxe4 dxe4 9. Bxe4 Qxd1+ 10. Kxd1 Nxe5 11. Kc2 Bxf3 12. gxf3 O-O-O 13. Rg1 g6
14. Bg5 Rd6 15. Be3 Bg7 16. Bd4 Bf6 17. Bc5 Rd7 18. Bd4 Rd6 19. Rad1 Rhd8 20.
f4 Nc6 21. Be3 Ne7 22. Bc5 Rxd1 23. Rxd1 Rxd1 24. Kxd1 b6 25. Ba3 Kd7 26. Ke2
Ke6 27. c4 Bd4 28. b3 Bc5 29. Bb2 Nf5 30. Bd5+ Ke7 31. Kf3 a5 32. Be4 Bd4 33.
Bxf5 Bxb2 34. Bd3 Kd6 35. f5 Kc5 36. fxg6 hxg6 37. Ke2 Kb4 38. Kd2 Ka3 39. Kc2
Kxa2 40. Be4 Bd4 41. f3 Ka3 42. Bd5 f6 43. Bf7 g5 44. h3 Kb4 45. Bg8 Bg1 46.
Bf7 Bh2 47. Bg8 c6 48. Bf7 Kc5 49. Kd3 b5 50. cxb5 cxb5 51. Bg8 Be5 52. Bf7 Ba1
53. Bg8 Be5 54. Bf7 a4 55. bxa4 bxa4 56. Bg8 Ba1 57. Bf7 a3 58. Bg8 f5 59. Bh7
Kd6 60. Bg8 Ke5 61. Ke3 Bd4+ 62. Kd3 Kf4 63. Ke2 Kg3 64. Be6 Kg2 65. f4 gxf4
66. Bd5+ Kg3 67. Be6 f3+ 68. Kf1 Be3 69. Bc4 Kxh3 70. Be6 Kg3 71. Bg8 Kf4 72.
Ke1 Ke4 73. Kd1 Kd3 74. Ke1 Kc3 75. Kf1 Kb2 0-1

[Event "16. Torneo Aficionados Benidorm s-2300"]
[Site "Benidorm ESP"]
[Date "2017.12.08"]
[Round "9.8"]
[White "Moreno Ibañez, Miguel"]
[Black "Burguete Archel, Eduardo"]
[Result "1/2-1/2"]
[WhiteElo "2272"]
[BlackElo "2207"]
[PlyCount "151"]
[EventDate "2017.12.01"]
[EventType "swiss"]
[EventRounds "10"]
[EventCountry "ESP"]
[SourceTitle "Ajedrez en Madrid"]
[Source "lmi"]
[SourceDate "2017.12.01"]
[SourceVersion "1"]
[SourceVersionDate "2018.01.25"]
[SourceQuality "1"]

1. e4 e5 2. Nc3 Nc6 3. f4 Bc5 4. Nf3 d6 5. Bb5 Nf6 6. Qe2 O-O 7. Bxc6 bxc6 8.
fxe5 dxe5 9. d3 Nd7 10. Be3 Qe7 11. O-O Rb8 12. Na4 Bd6 13. b3 a5 14. Nd2 Nb6
15. Nb2 a4 16. bxa4 Ra8 17. a5 Rxa5 18. a4 Be6 19. Nb3 Ra6 20. a5 Nd7 21. Nc4
Rfa8 22. Qf2 h6 23. Kh1 Nf6 24. Qf3 Nd7 25. Qg3 Kh7 26. Rf3 Nf6 27. Qh4 Nd5 28.
Qxe7 Nxe7 29. Raf1 f6 30. Bd2 Nc8 31. h3 Kg6 32. g4 Na7 33. Rg3 Nb5 34. h4 Rh8
35. Be3 Na3 36. Nxa3 Bxa3 37. c4 Rb8 38. Nd2 Rxa5 39. g5 hxg5 40. hxg5 f5 41.
exf5+ Bxf5 42. Bf2 Rh8+ 43. Kg2 Rh5 44. Nb3 Ra8 45. Ra1 Rhh8 46. Re3 Bd6 47.
Rxa8 Rxa8 48. c5 Be7 49. Rxe5 Bxg5 50. Nd4 Bxd3 51. Ne6 Bd2 52. Nxc7 Rc8 53.
Ne8 Bf4 54. Re1 Bc4 55. Bg3 Bd5+ 56. Kh2 Bg5 57. Nd6 Rh8+ 58. Kg1 Rh1+ 59. Kf2
Rxe1 60. Kxe1 Be3 61. Bf2 Bxf2+ 62. Kxf2 Kf6 63. Ne8+ Kf7 64. Nd6+ Ke6 65. Kg3
Ke5 66. Kg4 Be4 67. Kg5 Kd5 68. Kf4 Bg6 69. Nb7 Bd3 70. Kg5 Ba6 71. Nd8 Bd3 72.
Nb7 Ba6 73. Nd8 Kxc5 74. Kg6 Kd6 75. Nxc6 Kxc6 76. Kxg7 1/2-1/2